"Dambo farming in Zimbabwe: water management, cropping, and soil potentials for smallholder farming in the wetlands : conference proceedings" (Record no. 15775)
[ view plain ]
| 000 -LEADER | |
|---|---|
| fixed length control field | 00503nam a2200133Ia 4500 |
| 008 - FIXED-LENGTH DATA ELEMENTS--GENERAL INFORMATION | |
| fixed length control field | 191206s9999 xx 000 0 und d |
| 090 ## - | |
| -- | S604.4D35 |
| 245 #0 - TITLE STATEMENT | |
| Title | "Dambo farming in Zimbabwe: water management, cropping, and soil potentials for smallholder farming in the wetlands : conference proceedings" |
| 250 ## - EDITION STATEMENT | |
| Edition statement | [2nd ed.]. |
| 260 ## - PUBLICATION, DISTRIBUTION, ETC. | |
| Place of publication, distribution, etc. | University of Zimbabwe Publications |
| 260 ## - PUBLICATION, DISTRIBUTION, ETC. | |
| Date of publication, distribution, etc. | c1995 |
| 300 ## - PHYSICAL DESCRIPTION | |
| Extent | "x, 194 p. : ill. (some col.) ; 30 cm." |
| Withdrawn status | Lost status | Source of classification or shelving scheme | Damaged status | Not for loan | Home library | Current library | Date acquired | Inventory number | Total Checkouts | Full call number | Barcode | Date last seen | Price effective from | Koha item type |
|---|---|---|---|---|---|---|---|---|---|---|---|---|---|---|
| CUZ Bulawayo Campus | CUZ Bulawayo Campus | 06.12.2019 | CUB00131 | S604.4D35 | BBK000447 | 03.04.2025 | 06.12.2019 | OS Book |